| 000 | 00553nam a2200205 a 4500 | ||
|---|---|---|---|
| 001 | 000032107 | ||
| 003 | DO-SdBNP | ||
| 005 | 20220810084330.0 | ||
| 008 | 110712s1964 dr 000 0 spa d | ||
| 040 |
_aDO-SdBNP _bspa _cBNPHU |
||
| 049 | _aBNPD | ||
| 082 |
_axxxx _bC212 |
||
| 100 |
_aCanaán, Euridice _958226 _d1933-1996 |
||
| 245 | 1 | 4 |
_aLos depravados / _cEuridice Canaán. |
| 260 |
_aSanto Domingo, : _bEditora del Caribe, _c1964. |
||
| 300 |
_a197 p. ; _c22 p. |
||
| 590 | _aInventariado, 2022/ YL | ||
| 910 | _aYLockward | ||
| 942 |
_2ddc _cLBS1 |
||
| 999 |
_c31598 _d31598 |
||